[Event "ch-CHN Women 2019"]
[Site "Hangzhou CHN"]
[Date "2019.05.15"]
[Round "5.3"]
[White "Ren, Xiaoyi"]
[Black "Zhang, Lanlin"]
[Result "1-0"]
[WhiteElo "2261"]
[BlackElo "2181"]
[WhiteFideId "8608709"]
[BlackFideId "8608032"]
[EventDate "2019.05.11"]

1. d4 d5 2. c4 e6 3. Nf3 Nf6 4. g3 dxc4 5. Qa4+ Nbd7 6. Qxc4 c5 7. Bg2 cxd4 8.
Nxd4 Bc5 9. O-O O-O 10. Nc3 a6 11. Rd1 h6 12. Bf4 Qe7 13. Nb3 e5 14. Nxc5 Nxc5
15. Be3 Ne6 16. Rac1 Bd7 17. Nd5 Nxd5 18. Qxd5 Ba4 19. b3 Bc6 20. Qxe5 Bxg2 21.
Bc5 Qe8 22. Bxf8 Bc6 23. Bc5 f6 24. Qe3 Qf7 25. f3 Re8 26. Bb6 Qh5 27. Rc4 Kf7
28. Rxc6 bxc6 29. Rd7+ Kg8 30. Rd6 Nf8 31. Qd3 Qe5 32. Qc4+ Kh8 33. Rd8 Rxd8 34.
Bxd8 Ne6 35. Bb6 c5 36. Qxa6 f5 37. Kf2 h5 38. Qc4 g5 39. Ba5 f4 40. Bc3 Nd4 41.
Bxd4 cxd4 42. Qc8+ Kh7 43. Qb7+ Kh6 44. Qc6+ Kg7 45. Qe4 fxg3+ 46. hxg3 Qc5 47.
Qb7+ Kh6 48. b4 Qc3 49. Qb6+ Kg7 50. Qb7+ Kh6 51. b5 Qe3+ 52. Kf1 Qc1+ 53. Kg2
Qb2 54. Qc6+ Kg7 55. Qd7+ Kf6 56. Qd6+ Kg7 57. Qe5+ Kg6 58. a4 Qb4 59. Qe6+ Kg7
60. Qd7+ Kg6 61. Qc6+ Kg7 62. b6 Qb2 63. Qb5 1-0

[Event "ch-CHN Women 2019"]
[Site "Hangzhou CHN"]
[Date "2019.05.15"]
[Round "5.4"]
[White "Xiao, Yiyi"]
[Black "Ning, Kaiyu"]
[Result "1-0"]
[WhiteTitle "WFM"]
[BlackTitle "WFM"]
[WhiteElo "2290"]
[BlackElo "2256"]
[WhiteFideId "8606161"]
[BlackFideId "8614750"]
[EventDate "2019.05.11"]

1. d4 d5 2. c4 e6 3. Nf3 Nf6 4. g3 dxc4 5. Bg2 Nc6 6. Qa4 Bb4+ 7. Bd2 Nd5 8.
Bxb4 Nxb4 9. O-O Rb8 10. Nc3 a6 11. Ne5 O-O 12. Bxc6 Nxc6 13. Nxc6 bxc6 14. Qxc4
Qd6 15. e3 Rxb2 16. Rab1 Rb6 17. Rfc1 e5 18. Ne4 Qe6 19. Qxe6 Bxe6 20. dxe5 Bxa2
21. Ra1 Rb2 22. Nc5 Rd8 23. Na4 Rbd2 24. Nc3 Bb3 25. Rxa6 c5 26. Rc6 c4 27. Rxc7
h6 28. Kg2 R8d3 29. Kf3 Rb2 30. Ne4 Rd5 31. Kf4 Ra2 32. h4 Raa5 33. Rc8+ Kh7 34.
Re8 Ra7 35. h5 Ba4 36. Ra1 Rda5 37. Rc8 f6 38. exf6 Rxh5 39. Rxa4 1-0

[Event "ch-CHN Women 2019"]
[Site "Hangzhou CHN"]
[Date "2019.05.15"]
[Round "5.5"]
[White "Zhai, Mo"]
[Black "Qiu, Mengjie"]
[Result "1-0"]
[WhiteTitle "WGM"]
[BlackTitle "WIM"]
[WhiteElo "2365"]
[BlackElo "2219"]
[WhiteFideId "8600201"]
[BlackFideId "8606137"]
[EventDate "2019.05.11"]

1. c4 e6 2. d4 Nf6 3. Nf3 d5 4. Nc3 Bb4 5. Qa4+ Nc6 6. e3 O-O 7. Qc2 dxc4 8.
Bxc4 Bd6 9. O-O e5 10. h3 h6 11. a3 a6 12. Rd1 exd4 13. exd4 b5 14. Ba2 Bb7 15.
Bxh6 gxh6 16. Qg6+ Kh8 17. Qxh6+ Nh7 18. Ne4 Be7 19. Nf6 1-0

[Event "ch-CHN Women 2019"]
[Site "Hangzhou CHN"]
[Date "2019.05.15"]
[Round "5.6"]
[White "Chu, Ruotong"]
[Black "Ni, Shiqun"]
[Result "1/2-1/2"]
[WhiteTitle "WIM"]
[BlackTitle "WGM"]
[WhiteElo "2180"]
[BlackElo "2439"]
[WhiteFideId "8605653"]
[BlackFideId "8608466"]
[EventDate "2019.05.11"]

1. d4 d5 2. c4 c6 3. cxd5 cxd5 4. Bf4 Nc6 5. e3 Nf6 6. Nc3 a6 7. Rc1 Bg4 8. Be2
Bxe2 9. Qxe2 e6 10. Nf3 Bd6 11. Bxd6 Qxd6 12. O-O O-O 13. Na4 Rfc8 14. a3 Rc7
15. Rc2 Rac8 16. Rfc1 Nd7 17. Qd2 Na7 18. Rxc7 Rxc7 19. Rxc7 Qxc7 20. Qc3 Qxc3
21. Nxc3 f6 22. Kf1 Kf7 23. Ke2 Ke7 24. Kd3 Kd6 25. e4 Nc6 26. exd5 exd5 27. Nd2
Nf8 28. g3 Ne6 29. Ne2 Ne7 30. Nf1 Nf5 31. Ne3 1/2-1/2

[Event "ch-CHN Women 2019"]
[Site "Hangzhou CHN"]
[Date "2019.05.16"]
[Round "6.1"]
[White "Guo, Qi"]
[Black "Ni, Shiqun"]
[Result "1-0"]
[WhiteTitle "IM"]
[BlackTitle "WGM"]
[WhiteElo "2361"]
[BlackElo "2439"]
[WhiteFideId "8604002"]
[BlackFideId "8608466"]
[EventDate "2019.05.11"]

1. d4 d5 2. c4 c6 3. Nf3 Nf6 4. Nc3 dxc4 5. a4 e6 6. e3 c5 7. Bxc4 Nc6 8. O-O
cxd4 9. exd4 Be7 10. d5 exd5 11. Nxd5 Nxd5 12. Bxd5 O-O 13. Qb3 Bf6 14. Be3 Qe7
15. Rad1 Be6 16. Bxe6 Qxe6 17. Qxb7 Rfb8 18. Qc7 Rc8 19. Qd7 Qxd7 20. Rxd7 Bxb2
21. Rb1 Bf6 22. g4 h6 23. h3 a5 24. Rb5 Rd8 25. Rxd8+ Bxd8 26. Nd2 Be7 27. Nc4
Bb4 28. Kg2 Kf8 29. Nb6 Ra6 30. Nd5 Bd6 31. Rb7 Nd8 32. Rb5 Nc6 33. f4 Nb4 34.
Kf3 Nxd5 35. Rxd5 Ke7 36. f5 Bb4 37. Bd4 f6 38. Bc5+ Ke8 39. Ke4 Rc6 40. Kd4 Be1
41. Kc4 Rc8 42. Kb5 Rb8+ 43. Bb6 Ke7 44. Ka6 Rc8 45. Bc5+ Kf7 46. Kb7 Re8 47.
Rd7+ Kg8 48. Re7 Rxe7+ 49. Bxe7 h5 50. Ka6 hxg4 51. hxg4 Kh7 52. Bd8 Bd2 53.
Bxa5 Bf4 54. Kb7 Kh6 55. Bb4 Kg5 56. a5 Be3 57. a6 Kxg4 58. Ba5 Kxf5 59. Bb6 1-0

[Event "ch-CHN Women 2019"]
[Site "Hangzhou CHN"]
[Date "2019.05.16"]
[Round "6.2"]
[White "Qiu, Mengjie"]
[Black "Chu, Ruotong"]
[Result "1-0"]
[WhiteTitle "WIM"]
[BlackTitle "WIM"]
[WhiteElo "2219"]
[BlackElo "2180"]
[WhiteFideId "8606137"]
[BlackFideId "8605653"]
[EventDate "2019.05.11"]

1. e4 c5 2. Nf3 a6 3. d4 cxd4 4. Nxd4 e5 5. Nb3 Nf6 6. Bg5 Be7 7. Nc3 O-O 8. Qd2
h6 9. Bxf6 Bxf6 10. Bc4 b5 11. Bd5 Nc6 12. a4 b4 13. Nd1 Bg5 14. Qe2 a5 15. Qh5
Ra6 16. h4 Be7 17. Ne3 Nd4 18. Nxd4 exd4 19. Nf5 Bc5 20. Rh3 Kh7 21. O-O-O d6
22. Bxf7 d5 23. Rg3 Bxf5 24. exf5 Kh8 25. Be6 Rf6 26. Rg6 Rxg6 27. Qxg6 Ra8 28.
Qg4 b3 29. cxb3 Rb8 30. Rd3 Be7 31. Qxd4 Bxh4 32. Qxd5 Qg5+ 33. Kb1 Rd8 34.
Qxd8+ Qxd8 35. Rxd8+ Bxd8 36. b4 axb4 37. Kc2 1-0

[Event "ch-CHN Women 2019"]
[Site "Hangzhou CHN"]
[Date "2019.05.16"]
[Round "6.4"]
[White "Zhang, Lanlin"]
[Black "Xiao, Yiyi"]
[Result "1-0"]
[BlackTitle "WFM"]
[WhiteElo "2181"]
[BlackElo "2290"]
[WhiteFideId "8608032"]
[BlackFideId "8606161"]
[EventDate "2019.05.11"]

1. e4 e5 2. Nf3 Nc6 3. Bb5 Nf6 4. d3 d6 5. O-O Bd7 6. c3 g6 7. b4 Bg7 8. Bc4 O-O
9. a4 a6 10. Nbd2 Nh5 11. Re1 Kh8 12. Nf1 f5 13. Ng5 Qf6 14. exf5 Bxf5 15. Ra2
Nf4 16. Ne4 Qd8 17. Neg3 Bc8 18. Rd2 h5 19. b5 Na5 20. Ba2 axb5 21. axb5 h4 22.
Ne2 Qg5 23. Nxf4 exf4 24. Rc2 Qxb5 25. Re4 Qg5 26. g3 Be5 27. Qe1 hxg3 28. hxg3
Bf5 29. Rxe5 dxe5 30. Qxe5+ Qf6 31. Qxf4 g5 32. Qf3 Nc6 33. Bd5 Ne5 34. Qh5+ Kg7
35. Bxg5 Qg6 36. Qh4 Bxd3 37. Rd2 Rae8 38. Be3 c6 39. Bg2 Bf5 40. Bd4 Kg8 41.
Rb2 Rf7 42. Re2 Rfe7 43. Ne3 Nf7 44. Bf3 Qg5 45. Qh2 Ne5 46. Bh5 Bg6 47. Bxe5
Qxh5 48. f4 Qxh2+ 49. Rxh2 Kf7 50. Nc4 Rd8 51. Bd4 Bf5 52. Rh5 Ke6 53. Ne3 Rf7
54. Kf2 Bd3 55. Rh6+ Kd7 56. Ng4 Re8 57. Ne5+ Rxe5 58. Bxe5 Bf5 59. Kf3 Rh7 60.
Rf6 Be6 61. f5 Bd5+ 62. Kf4 Ke7 63. Rd6 b5 64. g4 Rh1 65. Rg6 Rh7 66. Bd4 Kf7
67. Rd6 Rh1 68. Rd7+ Ke8 69. Rg7 Re1 70. Kg5 Re4 71. Kf6 b4 72. g5 c5 73. Bxc5
bxc3 74. Re7+ Rxe7 75. Bxe7 c2 76. Ba3 Be4 77. g6 c1=Q 78. Bxc1 Kf8 79. Kg5 Bc2
80. f6 Bb3 81. Ba3+ Kg8 82. Kf4 Bc4 83. Ke5 Bb3 84. Kd6 Bc2 85. f7+ 1-0

[Event "ch-CHN Women 2019"]
[Site "Hangzhou CHN"]
[Date "2019.05.16"]
[Round "6.5"]
[White "Huang, Qian"]
[Black "Ren, Xiaoyi"]
[Result "1/2-1/2"]
[WhiteTitle "WGM"]
[WhiteElo "2440"]
[BlackElo "2261"]
[WhiteFideId "8602689"]
[BlackFideId "8608709"]
[EventDate "2019.05.11"]

1. Nf3 d5 2. g3 g6 3. Bg2 Bg7 4. O-O Nf6 5. d3 b6 6. c4 c6 7. Qc2 O-O 8. e4 Na6
9. e5 Ng4 10. d4 c5 11. h3 Nh6 12. dxc5 Bf5 13. Qc3 dxc4 14. Bxh6 Bxh6 15. Qxc4
Nxc5 16. Nc3 Rb8 17. Rfd1 Qe8 18. b4 Na4 19. Nd5 Be6 20. Qh4 Bxd5 21. Qxh6 Bxf3
22. Bxf3 Qb5 23. Rd5 Qxb4 24. Rad1 Rbc8 25. Kg2 e6 26. R5d4 Rc4 27. Rd8 Qe7 28.
Rxf8+ Qxf8 29. Qg5 Rc8 30. Rd7 a5 31. h4 Nc5 32. Ra7 Qd8 33. Qf4 Rc7 34. Ra8 Rc8
35. Ra7 Rc7 36. Ra8 Rc8 1/2-1/2

[Event "ch-CHN Women 2019"]
[Site "Hangzhou CHN"]
[Date "2019.05.16"]
[Round "6.6"]
[White "Shen, Yang"]
[Black "Zhu, Jiner"]
[Result "0-1"]
[WhiteTitle "IM"]
[BlackTitle "WIM"]
[WhiteElo "2449"]
[BlackElo "2439"]
[WhiteFideId "8603162"]
[BlackFideId "8608059"]
[EventDate "2019.05.11"]

1. d4 Nf6 2. c4 g6 3. Nc3 Bg7 4. e4 d6 5. Be2 O-O 6. Nf3 e5 7. O-O Nc6 8. d5 Ne7
9. b4 a5 10. bxa5 Rxa5 11. a4 b6 12. Re1 Ra8 13. Nd2 Ne8 14. Bb2 f5 15. Nb5 Nf6
16. exf5 Nxf5 17. Ra3 Bh6 18. g3 Bxd2 19. Qxd2 Ne4 20. Qc1 Ng7 21. f3 Ng5 22.
Kh1 Rf7 23. Bd1 Nh3 24. Qd2 g5 25. Nc3 g4 26. Ne4 Bf5 27. Nf2 Nxf2+ 28. Qxf2 Qf8
29. f4 Bd7 30. Rf1 Nh5 31. Kg1 Re8 32. Re3 Qh6 33. Qe1 Ref8 34. Qc3 Ng7 35. Ree1
exf4 36. Rxf4 Rxf4 37. gxf4 Rxf4 38. Bc1 Qf6 39. Qxf6 Rxf6 40. Bg5 Rf7 41. Bd8
Bf5 42. Re3 Kf8 43. Ra3 h5 44. Bg5 Bg6 45. a5 bxa5 46. Rxa5 Rf5 47. Bd2 Re5 48.
Ra7 Re7 49. Ba5 Ne8 50. Ba4 Bd3 51. Bxe8 Kxe8 52. Rxc7 Rxc7 53. Bxc7 Kd7 54. Bb8
Bxc4 55. Kf2 Bxd5 56. Kg3 Bf7 57. Kf4 Kc6 58. Ba7 Kd5 59. Bb8 Kc5 60. Ba7+ Kc4
61. Ke3 d5 62. Bd4 h4 63. Be5 Be6 64. Bd6 d4+ 65. Kd2 Kd5 66. Bc7 Ke4 67. Ke2 g3
68. hxg3 Bg4+ 69. Kf2 h3 0-1

[Event "ch-CHN Women 2019"]
[Site "Hangzhou CHN"]
[Date "2019.05.18"]
[Round "7.1"]
[White "Zhu, Jiner"]
[Black "Guo, Qi"]
[Result "1-0"]
[WhiteTitle "WIM"]
[BlackTitle "IM"]
[WhiteElo "2439"]
[BlackElo "2361"]
[WhiteFideId "8608059"]
[BlackFideId "8604002"]
[EventDate "2019.05.11"]

1. e4 e5 2. Nf3 Nc6 3. Bb5 Nf6 4. O-O Nxe4 5. d4 Nd6 6. Bxc6 dxc6 7. dxe5 Nf5 8.
Qxd8+ Kxd8 9. Rd1+ Ke8 10. Nc3 h6 11. h3 Ne7 12. Bf4 Be6 13. Nd4 Rd8 14. Bh2 Ng6
15. Nxe6 fxe6 16. Rxd8+ Kxd8 17. Rd1+ Kc8 18. Rd3 Bb4 19. Rg3 Bxc3 20. Rxg6 Rd8
21. Bg3 Bxb2 22. Rxg7 Rd1+ 23. Kh2 Rd2 24. Rg6 Rxc2 25. Rxe6 Re2 26. Re7 Ba3 27.
Rh7 b5 28. f4 Bb2 29. Re7 h5 30. e6 Bf6 31. Rf7 h4 32. Rxf6 hxg3+ 33. Kxg3 Kb7
34. h4 c5 35. Kf3 Re1 36. Kf2 Re4 37. Kf3 Re1 38. Rf5 Rxe6 39. Rxc5 Kb6 40. Rc2
c5 41. g4 c4 42. g5 Kc5 43. f5 Re5 44. Kf4 Re1 45. g6 Rg1 46. h5 Kd4 47. h6 Rf1+
48. Kg5 Ke4 49. h7 Rxf5+ 50. Kh6 Kd5 1-0

[Event "ch-CHN Women 2019"]
[Site "Hangzhou CHN"]
[Date "2019.05.18"]
[Round "7.2"]
[White "Ren, Xiaoyi"]
[Black "Shen, Yang"]
[Result "0-1"]
[BlackTitle "IM"]
[WhiteElo "2261"]
[BlackElo "2449"]
[WhiteFideId "8608709"]
[BlackFideId "8603162"]
[EventDate "2019.05.11"]

1. d4 d5 2. c4 c6 3. e3 Nf6 4. Nf3 Bf5 5. Qb3 Qb6 6. Nc3 e6 7. c5 Qc7 8. h3 h6
9. Be2 Be7 10. O-O O-O 11. Bd2 Nbd7 12. Rfc1 Rfe8 13. Qd1 e5 14. b4 Bh7 15. b5
exd4 16. exd4 Ne4 17. Be3 Bf6 18. Nxe4 dxe4 19. Nh2 Rad8 20. Ng4 Bg5 21. Qb3 Bf5
22. Bc4 Be6 23. a4 Nf8 24. Rd1 Bxc4 25. Qxc4 Ne6 26. Bxg5 hxg5 27. Ne3 Nf4 28.
Nf5 Rd5 29. Nd6 Re7 30. bxc6 Qxc6 31. Qb5 e3 32. Qxc6 bxc6 33. fxe3 Rxe3 34. Ra2
f6 35. a5 a6 36. Rb1 Re2 37. Rb8+ Kh7 38. Rxe2 Nxe2+ 39. Kf2 Nxd4 40. Ra8 Nb3
41. Rxa6 Rxc5 42. Nb7 Rc2+ 43. Kg3 c5 44. Rb6 c4 45. a6 Ra2 46. Rc6 Nd4 47. Rxc4
Nf5+ 48. Kf3 Rxa6 49. Ke4 Kg6 50. g4 Nh4 51. Nd8 Ng2 52. Nc6 Kh7 53. Nd4 Ra3 54.
Nf5 Nh4 55. Ne3 Ra1 56. Rc3 Re1 57. Kd4 Rh1 58. Nd5 Rd1+ 59. Ke4 Re1+ 60. Kd4
Ng6 61. Rc7 Nf4 62. Nxf4 gxf4 63. Rc3 Kg6 64. Rf3 Kg5 65. Kd5 Re3 0-1

[Event "ch-CHN Women 2019"]
[Site "Hangzhou CHN"]
[Date "2019.05.18"]
[Round "7.4"]
[White "Zhai, Mo"]
[Black "Zhang, Lanlin"]
[Result "1-0"]
[WhiteTitle "WGM"]
[WhiteElo "2365"]
[BlackElo "2181"]
[WhiteFideId "8600201"]
[BlackFideId "8608032"]
[EventDate "2019.05.11"]

1. c4 e5 2. g3 g6 3. d4 exd4 4. Qxd4 Qf6 5. Qxf6 Nxf6 6. Nc3 Bg7 7. Bg2 O-O 8.
Bf4 d6 9. h3 Nbd7 10. O-O-O a5 11. Nf3 Nc5 12. Nd4 Be6 13. b3 h6 14. Be3 Nfd7
15. f4 Rab8 16. Ncb5 a4 17. Nxe6 Nxe6 18. b4 Nd8 19. c5 Re8 20. Rd3 dxc5 21.
Nxc7 Re7 22. Rhd1 Nc6 23. Nd5 Ree8 24. bxc5 Rbc8 25. Kd2 Na5 26. Rc1 b5 27. cxb6
Nc4+ 28. Ke1 Nxe3 29. Rxc8 1-0

[Event "ch-CHN Women 2019"]
[Site "Hangzhou CHN"]
[Date "2019.05.18"]
[Round "7.5"]
[White "Chu, Ruotong"]
[Black "Ning, Kaiyu"]
[Result "1-0"]
[WhiteTitle "WIM"]
[BlackTitle "WFM"]
[WhiteElo "2180"]
[BlackElo "2256"]
[WhiteFideId "8605653"]
[BlackFideId "8614750"]
[EventDate "2019.05.11"]

1. Nf3 d5 2. c4 d4 3. e3 Nc6 4. exd4 Nxd4 5. Nxd4 Qxd4 6. Nc3 c6 7. d3 Nh6 8.
Be3 Qd8 9. d4 Nf5 10. Be2 g6 11. Qd2 Bg7 12. O-O-O Qc7 13. Bf4 Qa5 14. Be5 f6
15. Bf4 O-O 16. d5 c5 17. Kb1 Nd4 18. Bd3 e5 19. dxe6 Bxe6 20. Ne2 Qxd2 21. Rxd2
Rad8 22. Nxd4 cxd4 23. Re1 Kf7 24. Rde2 Rfe8 25. h4 Bd7 26. Rxe8 Rxe8 27. Rxe8
Kxe8 28. Be4 Bc8 29. Kc2 f5 30. Bd5 d3+ 31. Kc1 Bf6 32. g3 b6 33. b3 Bc3 34. Bg2
Ke7 35. Bd2 Bd4 36. Be3 Bc3 37. Bf1 Ke6 38. Bxd3 Bb7 39. a3 Bc6 40. b4 Bf6 41.
b5 Bb7 42. c5 Be7 43. c6 Bxa3+ 44. Kc2 Bc8 45. Bc4+ Ke7 46. Bg5+ Ke8 47. Kd3 Bc5
48. Ke2 Bf8 49. Bf4 h6 50. Bb8 Kd8 51. Bf4 Ke7 52. Be5 g5 53. Kd3 Ke8 54. Bb8
Kd8 55. Be5 Ke8 56. f3 Bc5 57. Bg7 f4 58. Be5 Bf2 59. g4 gxh4 60. Bxf4 Bg1 61.
Ke2 Ke7 62. Kf1 Bd4 63. Kg2 Bf6 64. Bxh6 Kd6 65. Bd3 Be6 66. Kh3 Kc7 67. Bf4+
Kc8 68. Bd6 Kd8 69. f4 Kc8 70. f5 Bd5 71. Bf4 a5 72. bxa6 Bxc6 73. g5 Bh8 74. f6
Kd7 75. Be5 Ke6 76. f7 Kxf7 77. Bxh8 b5 78. g6+ Kg8 79. Bc3 1-0

[Event "ch-CHN Women 2019"]
[Site "Hangzhou CHN"]
[Date "2019.05.18"]
[Round "7.6"]
[White "Ni, Shiqun"]
[Black "Qiu, Mengjie"]
[Result "0-1"]
[WhiteTitle "WGM"]
[BlackTitle "WIM"]
[WhiteElo "2439"]
[BlackElo "2219"]
[WhiteFideId "8608466"]
[BlackFideId "8606137"]
[EventDate "2019.05.11"]

1. e4 e5 2. Nf3 Nc6 3. Bc4 Nf6 4. Ng5 d5 5. exd5 Na5 6. Bb5+ c6 7. dxc6 bxc6 8.
Bd3 Nd5 9. Nf3 Bd6 10. O-O O-O 11. Re1 Re8 12. Nc3 f5 13. Bf1 e4 14. Nxd5 cxd5
15. Nd4 Qh4 16. g3 Qf6 17. c3 f4 18. d3 Rf8 19. Qc2 e3 20. Bxe3 fxe3 21. Rxe3
Bg4 22. Bg2 Kh8 23. h3 Bd7 24. Rae1 Rac8 25. Ne6 Rfe8 26. Qe2 Bc6 27. b4 Nb7 28.
Nd4 Rxe3 29. Qxe3 Bf8 30. Qf3 Nd8 31. Nxc6 Nxc6 32. Qxf6 gxf6 33. Bxd5 Ne5 34.
d4 Nd3 35. Re6 Rxc3 36. b5 Kg7 37. a4 Nb4 38. Be4 Rc4 39. d5 Rd4 40. a5 Bc5 41.
d6 Bxd6 42. b6 axb6 43. axb6 Kf7 44. Bf5 Nc6 45. b7 Nb8 46. Re2 h6 47. Kg2 Rb4
48. Be4 Nd7 49. Bd5+ Kf8 50. Re6 Rb6 51. h4 Bb8 52. Rxb6 Nxb6 53. Be4 Ke7 54.
Kf3 Nc4 55. Kg4 Nd6 56. Bd5 Kf8 57. Kh5 Kg7 58. g4 Nb5 59. Be4 Nd6 60. Bd5 f5
61. gxf5 Ne8 62. Kg4 Nf6+ 63. Kf3 Nxd5 64. Ke4 Ne7 0-1

[Event "ch-CHN Women 2019"]
[Site "Hangzhou CHN"]
[Date "2019.05.19"]
[Round "8.2"]
[White "Ning, Kaiyu"]
[Black "Ni, Shiqun"]
[Result "1-0"]
[WhiteTitle "WFM"]
[BlackTitle "WGM"]
[WhiteElo "2256"]
[BlackElo "2439"]
[WhiteFideId "8614750"]
[BlackFideId "8608466"]
[EventDate "2019.05.11"]

1. d4 Nf6 2. Nf3 g6 3. Nbd2 d5 4. b4 Bg7 5. e3 O-O 6. c4 c6 7. Be2 Bf5 8. O-O
Ne4 9. Bb2 Nxd2 10. Nxd2 Nd7 11. cxd5 cxd5 12. Qb3 Nf6 13. a4 Qd7 14. b5 Rfc8
15. Rfc1 Ne4 16. Nxe4 Bxe4 17. a5 Bf5 18. Rc5 b6 19. axb6 axb6 20. Rxa8 Rxa8 21.
Rc6 Qd8 22. Bf3 Bd7 23. Bxd5 e6 24. Bf3 Bxc6 25. bxc6 Ra7 26. g3 h5 27. h4 Bf6
28. Kg2 Bg7 29. Bc3 Qc7 30. Qb5 Ra8 31. Qc4 Ra7 32. Qb3 Ra8 33. Qb5 Ra7 34. Qg5
Ra4 35. Qb5 Ra8 36. Qc4 Ra7 37. e4 Ra8 38. e5 Ra7 39. Qe2 Qd8 40. Qb2 Bf8 41.
Qb5 Ra3 42. Bb2 Ra5 43. Qb3 Be7 44. Qd3 Kg7 45. Be4 b5 46. Qc2 Qc7 47. d5 exd5
48. Bxd5 b4 49. Qe4 Rc5 50. Qf3 Bd8 51. Bd4 Rb5 52. Bxf7 Rxe5 53. Qe4 Kxf7 54.
Bxe5 Qe7 55. Qf4+ Kg8 56. c7 1-0

[Event "ch-CHN Women 2019"]
[Site "Hangzhou CHN"]
[Date "2019.05.19"]
[Round "8.3"]
[White "Zhang, Lanlin"]
[Black "Chu, Ruotong"]
[Result "1-0"]
[BlackTitle "WIM"]
[WhiteElo "2181"]
[BlackElo "2180"]
[WhiteFideId "8608032"]
[BlackFideId "8605653"]
[EventDate "2019.05.11"]

1. e4 e5 2. Nf3 Nf6 3. Nxe5 d6 4. Nf3 Nxe4 5. Nc3 Nxc3 6. dxc3 Be7 7. Be3 Nc6 8.
Qd2 Be6 9. O-O-O Qd7 10. Kb1 Bf6 11. Nd4 Nxd4 12. cxd4 d5 13. Bd3 O-O-O 14. h4
Bf5 15. Qa5 a6 16. Bf4 Bxd3 17. Rxd3 Kb8 18. Rb3 Ka8 19. Bxc7 Bxd4 20. Bxd8 Rxd8
21. Qd2 Bf6 22. g3 1-0

[Event "ch-CHN Women 2019"]
[Site "Hangzhou CHN"]
[Date "2019.05.19"]
[Round "8.4"]
[White "Huang, Qian"]
[Black "Zhai, Mo"]
[Result "1/2-1/2"]
[WhiteTitle "WGM"]
[BlackTitle "WGM"]
[WhiteElo "2440"]
[BlackElo "2365"]
[WhiteFideId "8602689"]
[BlackFideId "8600201"]
[EventDate "2019.05.11"]

1. Nf3 d5 2. g3 Nf6 3. Bg2 e6 4. O-O Be7 5. c4 O-O 6. b3 c5 7. cxd5 Nxd5 8. Nc3
Bf6 9. Bb2 Nc6 10. Qc2 Nxc3 11. Bxc3 e5 12. Bb2 Qd6 13. d3 Bg4 14. Rac1 Be7 15.
h3 Be6 16. Rfd1 Rac8 17. e3 Rfd8 18. Qe2 Bf5 19. d4 cxd4 20. exd4 exd4 21. Nxd4
Nxd4 22. Bxd4 Rxc1 23. Rxc1 Bd3 24. Qxd3 Qxd4 25. Qxd4 Rxd4 26. Bxb7 g5 27. Rc2
Bd8 28. Kf1 Bb6 29. Ke2 Kg7 30. a3 Rd6 31. Bc8 a5 32. Bf5 Rd5 33. Be4 Rb5 34.
Rc3 Bd4 35. Rd3 Bb2 36. a4 Re5 37. Kf3 Ba3 38. Rd7 h5 39. Bd3 Bb4 40. Rb7 Kf6
41. Bc4 Rf5+ 42. Ke4 Re5+ 43. Kd3 Re7 44. Rb6+ Kg7 45. Rb5 Rd7+ 46. Ke4 Bd2 47.
Be2 Kg6 48. Rb6+ f6 49. Bb5 Re7+ 50. Kf3 Be1 51. Rb8 Kg7 52. Bc4 Bc3 53. Rb5 Kg6
54. Rb8 Kg7 55. Rb6 Rd7 56. Be6 Rd3+ 57. Ke4 Rd2 58. Rb7+ Kf8 59. f4 h4 60. gxh4
Rd4+ 61. Kf5 Rxf4+ 62. Kg6 gxh4 63. Rc7 Bb4 64. Bf5 Rf3 65. Kxf6 Bc3+ 66. Kg6
Rg3+ 67. Kh5 Be1 68. Rb7 Re3 69. Kg6 Rg3+ 70. Kf6 Bc3+ 71. Ke6 Bb4 72. Rh7 Be1
73. Rf7+ Kg8 74. Rb7 Rf3 75. Ke5 Kf8 76. Ke4 Rg3 77. Be6 Bd2 78. Kd4 Rf3 79. Rh7
Re3 80. Kd5 Rxb3 81. Rxh4 Rb4 82. Rh8+ Kg7 83. Rg8+ Kh7 84. Rg2 Bc3 85. Bd7 Rd4+
86. Ke6 Rf4 87. Kd6 Rc4 88. Rg3 Bd2 89. Kd5 Rh4 90. Bf5+ Kh8 91. Ke6 Rc4 92. Rd3
Bg5 93. Rg3 Bh4 94. Rb3 Kg7 95. Rb7+ Kg8 96. Bh7+ Kf8 97. Rf7+ Ke8 98. Ra7 Rc6+
99. Kd5 Rh6 100. Bf5 Be1 101. Rg7 Rf6 102. Bd7+ Kf8 103. Rg4 Bd2 104. h4 Ke7
105. Bb5 Rd6+ 106. Kc4 Rh6 107. Kd3 Be1 108. h5 Bf2 109. Rg5 Be1 110. Rf5 Rf6
111. Rg5 Bb4 112. Ke4 Re6+ 113. Kf3 Rf6+ 114. Kg4 Bd2 115. Rd5 Rd6 116. Re5+ Re6
117. Rc5 Kf6 118. Rd5 Bc3 119. Bd3 Re5 120. Rd6+ Re6 121. Rd8 Ke7 122. Rc8 Bd2
123. Rc2 Bh6 124. Rc7+ Kf6 125. Rd7 Rb6 126. Bb5 Re6 127. Bd3 Rb6 128. Be4 Bf8
129. Bc2 Rc6 130. Rd2 Rc4+ 131. Kf3 Rc3+ 132. Kg2 Kg5 133. Bd1 Rc5 134. Rd8 Bg7
135. Rd7 Be5 136. Rd8 Kh6 137. Re8 Bf4 138. Re6+ Kg7 139. Kf3 Bc1 140. Ke4 Kh7
141. Be2 Kg7 142. Kd4 Rf5 143. Rg6+ Kh8 144. Rc6 Bg5 145. Bd3 Rf4+ 146. Ke5 Rxa4
147. Rc8+ Kg7 148. Rc7+ Kf8 149. Kf5 Be3 150. Kf6 Rf4+ 151. Bf5 Bd4+ 152. Kg6
Rf1 153. h6 Rg1+ 154. Kh7 Re1 155. Rc8+ Re8 156. Rc4 Rd8 157. Rc6 a4 158. Ra6
Kf7 159. Bg6+ Ke7 160. Bc2 Rd6 161. Rxa4 Be3 162. Bg6 Kf6 163. Be8 Ke7 164. Re4+ 1/2-1/2

[Event "ch-CHN Women 2019"]
[Site "Hangzhou CHN"]
[Date "2019.05.19"]
[Round "8.5"]
[White "Shen, Yang"]
[Black "Xiao, Yiyi"]
[Result "0-1"]
[WhiteTitle "IM"]
[BlackTitle "WFM"]
[WhiteElo "2449"]
[BlackElo "2290"]
[WhiteFideId "8603162"]
[BlackFideId "8606161"]
[EventDate "2019.05.11"]

1. d4 Nf6 2. c4 e6 3. Nc3 d5 4. Bg5 Be7 5. e3 h6 6. Bh4 O-O 7. Rc1 c6 8. Nf3
Nbd7 9. Bd3 dxc4 10. Bxc4 b5 11. Bd3 a6 12. a4 Bb7 13. O-O b4 14. Bxf6 Nxf6 15.
Ne4 Nd7 16. Qe2 a5 17. Rfd1 Qb6 18. Bb1 Rfd8 19. Nfd2 c5 20. Nc4 Qc6 21. f3 Ba6
22. b3 cxd4 23. exd4 Nb6 24. Nxb6 Qxb6 25. Qf2 Rac8 26. Rxc8 Bxc8 27. Bc2 Bb7
28. h3 Bxe4 29. Bxe4 e5 30. Qc2 exd4 31. Rd3 Qd6 32. Bf5 g6 33. Be4 Bg5 34. g4
Qg3+ 35. Qg2 Be3+ 36. Kf1 Qc7 37. Rd1 Rc8 38. Qe2 Qg3 39. Qg2 Qe5 40. Qb2 Rc3
41. Kg2 Qe6 42. Bc2 Bc1 0-1

[Event "ch-CHN Women 2019"]
[Site "Hangzhou CHN"]
[Date "2019.05.19"]
[Round "8.6"]
[White "Zhu, Jiner"]
[Black "Ren, Xiaoyi"]
[Result "1-0"]
[WhiteTitle "WIM"]
[WhiteElo "2439"]
[BlackElo "2261"]
[WhiteFideId "8608059"]
[BlackFideId "8608709"]
[EventDate "2019.05.11"]

1. e4 c5 2. Nf3 d6 3. d4 cxd4 4. Nxd4 Nf6 5. Nc3 a6 6. Be3 e5 7. Nf3 Be7 8. Bc4
O-O 9. O-O Be6 10. Bb3 b5 11. Bg5 Nbd7 12. Qe2 Rc8 13. Rfd1 Qc7 14. a3 Bc4 15.
Qe3 Qc5 16. Bxc4 Qxc4 17. Ne1 h6 18. Bxf6 Nxf6 19. Qa7 Rc7 20. Qxa6 Rb8 21. Rd3
Qc5 22. b4 Ra7 23. bxc5 Rxa6 24. cxd6 Bxd6 25. Rb1 Bxa3 26. Rxb5 Rxb5 27. Nxb5
Bc5 28. Nc3 Ra1 29. Kf1 Ng4 30. f3 Nxh2+ 31. Ke2 h5 32. Rd5 Bb4 33. Nd1 Ra2 34.
Rxe5 Bxe1 35. Kxe1 Rxc2 36. Ne3 Rc1+ 37. Kf2 g6 38. Rd5 h4 39. Rd1 Rc3 40. Rh1
Nxf3 41. gxf3 g5 42. Rg1 f6 43. e5 Kf7 44. exf6 Rc5 45. Ng4 Rc2+ 46. Ke3 Rc3+
47. Kd4 Ra3 48. Rb1 Ra4+ 49. Ke5 Ra5+ 50. Ke4 Kg6 51. Rb6 Ra4+ 52. Kd5 Rf4 53.
Ne5+ Kh7 54. Rb7+ Kh6 55. Ke6 h3 56. Ng4+ Kg6 57. Rg7+ Kh5 58. Rh7+ Kg6 59. Rh6# 1-0